000
00242nam a2200109Ia 4500
008
200302s9999 xx 000 0 und d
100
_a
A. Shepelev
245
_a
Plastering
260
_b
Mir Publishers Ltd.
260
_c
1986
300
_a
216 P.,
999
_c
2261
_d
2261